[Event "XXXIII Festival A"]
[Site "Arco ITA"]
[Date "2011.10.30"]
[Round "9"]
[White "Alagia, Pietro"]
[Black "Buck, Klaus-Michael"]
[Result "1-0"]
[WhiteElo "1763"]
[BlackElo "1813"]
[PlyCount "43"]
[EventDate "2011.10.22"]

1. d4 d5 2. g3 g6 3. Bg2 Bg7 4. Nf3 Nf6 5. O-O O-O 6. c3 Nbd7 7. Nbd2 Re8 8.
Nb3 e5 9. dxe5 Nxe5 10. Nxe5 Rxe5 11. Nd4 c6 12. Bf4 Re8 13. Re1 Nh5 14. Bd2
Qb6 15. Qb3 Bxd4 16. cxd4 Qxd4 17. Rad1 Qc4 18. Qxc4 dxc4 19. Bf3 Nf6 20. Bc3
Ne4 21. Bxe4 Rxe4 22. Rd8+ 1-0

[Event "XXXIII Festival A"]
[Site "Arco ITA"]
[Date "2011.10.30"]
[Round "9"]
[White "Antoniacci, Riccardo"]
[Black "Prelati, Maurizio"]
[Result "1-0"]
[WhiteElo "1913"]
[BlackElo "2012"]
[PlyCount "108"]
[EventDate "2011.10.22"]

1. e4 c5 2. Nf3 g6 3. d4 cxd4 4. Nxd4 Nc6 5. Be2 Bg7 6. Be3 Nf6 7. Nc3 O-O 8.
Nb3 d6 9. O-O Be6 10. f4 Qc8 11. Kh1 Bg4 12. Bf3 Bxf3 13. Qxf3 Qg4 14. Qf2 b5
15. Nd4 Nxd4 16. Bxd4 b4 17. Nd5 Nxe4 18. Nxe7+ Kh8 19. Bxg7+ Kxg7 20. Qd4+ Nf6
21. h3 Qd7 22. Nd5 Qf5 23. Nxb4 Kg8 24. Nc6 Rfe8 25. Rae1 Nh5 26. Qc3 Rac8 27.
Re7 Qb5 28. Rfe1 Rf8 29. Nxa7 Rxc3 30. Nxb5 Rxc2 31. Nxd6 Rxb2 32. Ra1 Rd8 33.
Re8+ Rxe8 34. Nxe8 Nxf4 35. a4 Nxg2 36. a5 Nh4 37. Kg1 Nf3+ 38. Kf1 Nd2+ 39.
Ke1 Nf3+ 40. Kd1 Rd2+ 41. Kc1 Rd8 42. Nf6+ Kg7 43. Ng4 Ra8 44. Ra4 Ra6 45. Kb2
h5 46. Ne3 Ne5 47. Kc3 Nc6 48. Nc4 g5 49. Kd3 Kf6 50. Ke4 Ke6 51. Ra1 f5+ 52.
Kd3 Kf6 53. Re1 Nxa5 54. Ra1 Nb3 1-0

[Event "XXXIII Festival A"]
[Site "Arco ITA"]
[Date "2011.10.30"]
[Round "9"]
[White "Badano, Fabio"]
[Black "Schaberg, Wolfgang"]
[Result "0-1"]
[WhiteElo "1741"]
[BlackElo "1880"]
[PlyCount "98"]
[EventDate "2011.10.22"]

1. e4 c5 2. Nf3 d6 3. d4 cxd4 4. Nxd4 Nf6 5. Nc3 a6 6. Be3 e6 7. f3 Be7 8. Qd2
Qc7 9. O-O-O b5 10. Bxb5+ axb5 11. Ndxb5 Qc6 12. Nxd6+ Qxd6 13. Qxd6 Bxd6 14.
Rxd6 Nbd7 15. Rhd1 Ke7 16. Bg5 h6 17. Bxf6+ Nxf6 18. Kb1 e5 19. R6d2 Be6 20.
Nd5+ Bxd5 21. exd5 Rhc8 22. b3 Rc3 23. Rd3 Rac8 24. Rxc3 Rxc3 25. Kb2 Re3 26.
Rd2 Kd6 27. c4 e4 28. fxe4 Nxe4 29. Rc2 Nc5 30. Ka3 f5 31. Rf2 g6 32. g3 Ke5
33. Rc2 g5 34. Kb4 Kd6 35. Kb5 f4 36. gxf4 gxf4 37. Rg2 Ne4 38. Rg6+ Ke5 39.
Rxh6 f3 40. Rh3 f2 41. Rxe3 f1=Q 42. a4 Qf8 43. Rxe4+ Kxe4 44. b4 Kd4 45. a5
Qb8+ 46. Kc6 Kxc4 47. d6 Qc8+ 48. Kb6 Kd5 49. a6 Qb8+ 0-1

[Event "XXXIII Festival A"]
[Site "Arco ITA"]
[Date "2011.10.30"]
[Round "9"]
[White "Billio, Atto"]
[Black "Negro, Raffaele"]
[Result "1-0"]
[WhiteElo "2071"]
[BlackElo "1915"]
[PlyCount "103"]
[EventDate "2011.10.22"]

1. c4 e5 2. g3 g6 3. Bg2 Bg7 4. e4 Ne7 5. Nc3 O-O 6. Nge2 d6 7. O-O Nd7 8. d4
exd4 9. Nxd4 Nc6 10. Be3 Nde5 11. Nxc6 bxc6 12. Qa4 Be6 13. b3 c5 14. Rac1 Bd7
15. Qa3 Nd3 16. Rc2 Nb4 17. Rcc1 a5 18. Rfd1 a4 19. bxa4 Bxc3 20. Rxc3 Rxa4 21.
Qb2 Rxa2 22. Qc1 Ba4 23. Rd2 Qf6 24. Ra3 Rxa3 25. Qxa3 Bc2 26. f3 Rb8 27. h4
Rb6 28. Bg5 Qg7 29. Qa7 f6 30. Qa8+ Kf7 31. Qc8 Rc6 32. Qd7+ Kg8 33. Qe8+ Qf8
34. Qxf8+ Kxf8 35. Bxf6 Bd3 36. Bf1 Bxf1 37. Kxf1 Ke8 38. e5 Kf7 39. g4 Ke6 40.
f4 Ra6 41. Bg7 Ra3 42. Re2 Rf3+ 43. Kg2 Rxf4 44. exd6+ Kd7 45. dxc7 Rxg4+ 46.
Kf3 Rxc4 47. Re7+ Kxe7 48. c8=Q Rxh4 49. Bf8+ Kf7 50. Bxc5 Nd3 51. Qd7+ Kf6 52.
Be7+ 1-0

[Event "XXXIII Festival A"]
[Site "Arco ITA"]
[Date "2011.10.30"]
[Round "9"]
[White "Blasco, Domenico"]
[Black "Salati, Paolo"]
[Result "1-0"]
[WhiteElo "1965"]
[BlackElo "1865"]
[PlyCount "81"]
[EventDate "2011.10.22"]

1. d4 d5 2. Nf3 Nf6 3. e3 g6 4. Be2 Bg7 5. b4 Nbd7 6. c4 c6 7. Nc3 dxc4 8. Bxc4
Nb6 9. Be2 O-O 10. O-O Re8 11. Ba3 Nbd5 12. Rc1 Bg4 13. Ne5 Nxc3 14. Rxc3 Bxe2
15. Qxe2 Ne4 16. Rc2 Nd6 17. Bb2 Rc8 18. Rfc1 e6 19. a4 Nf5 20. b5 Bxe5 21.
dxe5 Ne7 22. Bd4 cxb5 23. Rxc8 Nxc8 24. Qxb5 b6 25. h3 Ne7 26. Qa6 Qb8 27. a5
Rc8 28. Rxc8+ Nxc8 29. Kf1 Qc7 30. axb6 Nxb6 31. Ke2 h5 32. g4 hxg4 33. hxg4
Qc2+ 34. Kf3 Qc6+ 35. Kg3 Qc7 36. f4 Kg7 37. Kf2 Qc2+ 38. Kg3 Qc7 39. Kh3 Kf8
40. Qa3+ Qe7 41. Bc5 1-0

[Event "XXXIII Festival A"]
[Site "Arco ITA"]
[Date "2011.10.30"]
[Round "9"]
[White "Borries, Barbara"]
[Black "Sigmund, Ingenuin"]
[Result "1-0"]
[WhiteElo "1901"]
[BlackElo "1788"]
[PlyCount "72"]
[EventDate "2011.10.22"]

1. e4 e6 2. d4 d5 3. Nd2 b6 4. Bd3 Qd7 5. Ngf3 c5 6. c3 Bd6 7. O-O Ba6 8. Qe2
Bxd3 9. Qxd3 dxe4 10. Nxe4 Ne7 11. Rd1 cxd4 12. Qxd4 Bc5 13. Nxc5 bxc5 14.
Qxd7+ Nxd7 15. Bf4 c4 16. Rd4 Nb6 17. Rad1 f6 18. Bc7 Ned5 19. Bxb6 Nxb6 20.
Nd2 Rc8 21. Ne4 Ke7 22. f4 f5 23. Ng5 h6 24. Nf3 Rc7 25. Ne5 Rg8 26. Kf2 g5 27.
g3 Rg7 28. h3 Kf6 29. fxg5+ hxg5 30. Nf3 Nd5 31. Nd2 Rh7 32. Rh1 Nb6 33. h4 g4
34. Rd1 Rhd7 35. Nf1 Rxd4 36. Rxd4 Rc5 1-0

[Event "XXXIII Festival A"]
[Site "Arco ITA"]
[Date "2011.10.30"]
[Round "9"]
[White "Bottesi, Gianluca"]
[Black "Bruno, Elio"]
[Result "1-0"]
[WhiteElo "1674"]
[BlackElo "1641"]
[PlyCount "107"]
[EventDate "2011.10.22"]

1. c4 c5 2. g3 g6 3. Bg2 Bg7 4. Nc3 Nf6 5. Nf3 O-O 6. O-O d6 7. d3 Nbd7 8. h3
Rb8 9. Be3 Nb6 10. Qd2 Bh8 11. Bh6 Re8 12. a4 a5 13. Nb5 Bd7 14. Ra2 Bxb5 15.
axb5 a4 16. Ng5 d5 17. Qc2 d4 18. b3 axb3 19. Qxb3 Bg7 20. Bxg7 Kxg7 21. Ra7
Qc7 22. Rfa1 e5 23. R1a6 h6 24. Ne4 Ng8 25. Qa3 Ne7 26. Nxc5 Nec8 27. Rxb7 Rxb7
28. Nxb7 e4 29. Nc5 exd3 30. exd3 Re1+ 31. Kh2 h5 32. Ne4 f5 33. Qc5 Qxc5 34.
Nxc5 Rd1 35. Bb7 Rd2 36. Kg2 Rb2 37. Bxc8 Nxc8 38. Rc6 Ne7 39. Rc7 Kf7 40. Kf3
Kf6 41. Rd7 g5 42. Rxd4 g4+ 43. hxg4 fxg4+ 44. Kg2 Nf5 45. Rf4 Kg6 46. Re4 Kf7
47. Re5 Kf6 48. Nd7+ Kg6 49. b6 Nd4 50. c5 Nf3 51. Re3 Nd4 52. c6 Nf5 53. Re5
Nd4 54. c7 1-0

[Event "XXXIII Festival A"]
[Site "Arco ITA"]
[Date "2011.10.30"]
[Round "9"]
[White "Bozzao, Francesco"]
[Black "Rizzo, Giuseppe"]
[Result "1/2-1/2"]
[WhiteElo "1830"]
[BlackElo "1732"]
[PlyCount "58"]
[EventDate "2011.10.22"]

1. d4 Nf6 2. c4 g6 3. Nc3 d5 4. Qb3 dxc4 5. Qxc4 Bg7 6. e4 O-O 7. Nf3 Bg4 8.
Ne5 Nbd7 9. Nxg4 Nxg4 10. h3 Nb6 11. Qd3 Nf6 12. Be2 c6 13. Bf4 Qd7 14. O-O
Rad8 15. Rad1 Ne8 16. Be3 Nd6 17. b3 f5 18. e5 Nf7 19. f4 e6 20. Kh2 Qe7 21.
Qc2 Nd5 22. Nxd5 cxd5 23. Qb2 Rc8 24. Rc1 a6 25. Rxc8 Rxc8 26. Rc1 Qd7 27. Rc3
Rc6 28. Qc1 Nd8 29. Bd2 Bf8 1/2-1/2

[Event "XXXIII Festival A"]
[Site "Arco ITA"]
[Date "2011.10.30"]
[Round "9"]
[White "Catalfamo, Santo"]
[Black "Mulone, Gaspare"]
[Result "1-0"]
[WhiteElo "1915"]
[BlackElo "1628"]
[PlyCount "41"]
[EventDate "2011.10.22"]

1. e4 d6 2. d4 e5 3. dxe5 dxe5 4. Qxd8+ Kxd8 5. Bc4 f6 6. Ne2 Bc5 7. Nbc3 a6 8.
Bd2 Ne7 9. O-O-O Nec6 10. Be3+ Bd6 11. Bc5 Ke7 12. Bxd6+ cxd6 13. Nd5+ Kf8 14.
Nb6 Na5 15. Rxd6 Nxc4 16. Nxc4 Nc6 17. Nb6 Rb8 18. Rhd1 Ke7 19. Nxc8+ Rhxc8 20.
Rd7+ Ke6 21. R1d6# 1-0

[Event "XXXIII Festival A"]
[Site "Arco ITA"]
[Date "2011.10.30"]
[Round "9"]
[White "Ciola, Alberto"]
[Black "Seebacher, Reinhard"]
[Result "1/2-1/2"]
[WhiteElo "1915"]
[BlackElo "1700"]
[PlyCount "73"]
[EventDate "2011.10.22"]

1. d4 Nf6 2. c4 e6 3. Nc3 Bb4 4. Bd2 O-O 5. Qc2 d5 6. e3 c5 7. a3 Bxc3 8. Bxc3
b6 9. dxc5 bxc5 10. Bd3 d4 11. exd4 Bb7 12. f3 cxd4 13. Bb4 Re8 14. O-O-O a5
15. Be1 Na6 16. Bh4 h6 17. Ne2 e5 18. Bxf6 Qxf6 19. Ng3 Rac8 20. Kb1 Nc5 21.
Ne4 Qe6 22. Nxc5 Rxc5 23. Rhe1 Ba6 24. Rc1 Rec8 25. Bf5 Qc6 26. Bxc8 Qxc8 27.
Qd2 Bxc4 28. Rxc4 Rxc4 29. Rxe5 a4 30. Re1 Qf5+ 31. Ka1 d3 32. Re8+ Kh7 33. Rd8
g6 34. Rxd3 Qc5 35. Rc3 Qg1+ 36. Ka2 Rd4 37. Rd3 1/2-1/2

[Event "XXXIII Festival A"]
[Site "Arco ITA"]
[Date "2011.10.30"]
[Round "9"]
[White "Coqueraut, Jean Dominique"]
[Black "Fusari, Paolo"]
[Result "1/2-1/2"]
[WhiteElo "1824"]
[BlackElo "1897"]
[PlyCount "108"]
[EventDate "2011.10.22"]

1. Nf3 f5 2. d4 g6 3. Nc3 Nf6 4. Bg5 Bg7 5. Bxf6 Bxf6 6. e4 fxe4 7. Nxe4 Bg7 8.
Bd3 O-O 9. O-O d6 10. c3 Kh8 11. Qc2 Nd7 12. Rad1 e5 13. dxe5 Nxe5 14. Nxe5
Bxe5 15. Rfe1 Bg4 16. f3 Bf5 17. a4 Qh4 18. g3 Qh6 19. f4 Bg7 20. Ng5 Bxd3 21.
Qxd3 Bf6 22. Ne6 Rf7 23. Re2 Re7 24. Rde1 Rae8 25. Nxc7 Rxe2 26. Rxe2 Rxe2 27.
Qxe2 Qf8 28. Nd5 Kg7 29. Nxf6 Kxf6 30. Qe3 b6 31. b4 Qe7 32. Kf2 Qc7 33. Qd4+
Kf7 34. Qd5+ Kg7 35. c4 Kf6 36. g4 Qd7 37. g5+ Kg7 38. b5 Qe7 39. h4 Qd7 40.
Qd4+ Kg8 41. Qf6 Qc7 42. Qe6+ Kg7 43. Ke3 Qc5+ 44. Ke4 Qc7 45. Qf6+ Kg8 46. Kd5
Qc5+ 47. Ke6 Qxc4+ 48. Kxd6 Qxa4 49. Qe5 Qa3+ 50. Kd7 Qc5 51. Qe6+ Kg7 52. Qe7+
Kg8 53. Qe8+ Kg7 54. Qe5+ Kg8 1/2-1/2

[Event "XXXIII Festival A"]
[Site "Arco ITA"]
[Date "2011.10.30"]
[Round "9"]
[White "Coqueraut, Lodewyk"]
[Black "Dalla Vecchia, Paolo"]
[Result "1-0"]
[WhiteElo "1794"]
[BlackElo "1916"]
[PlyCount "103"]
[EventDate "2011.10.22"]

1. c4 Nf6 2. Nc3 e6 3. e4 d5 4. e5 d4 5. exf6 dxc3 6. bxc3 Qxf6 7. d4 e5 8. Nf3
exd4 9. Bg5 Qe6+ 10. Be2 f6 11. Nxd4 Qf7 12. Bf4 Bc5 13. O-O O-O 14. Nb5 Na6
15. Bf3 c6 16. Nd6 Bxd6 17. Bxd6 Rd8 18. Qd4 Be6 19. c5 Nc7 20. Rfe1 Ne8 21.
Qf4 Rd7 22. a4 g6 23. a5 Nxd6 24. cxd6 Rad8 25. Rad1 Bd5 26. Be2 b6 27. axb6
axb6 28. Qb4 b5 29. Rd4 Rxd6 30. c4 bxc4 31. Bxc4 R6d7 32. Bf1 Rb7 33. Qa5 Rdb8
34. Bd3 Ra7 35. Qc5 Rba8 36. h3 Ra1 37. Rxa1 Rxa1+ 38. Bf1 Qe6 39. Qc2 Qe1 40.
Qd3 Kg7 41. h4 Ra2 42. Qg3 Qe5 43. Qd3 Ra1 44. g4 f5 45. g5 f4 46. Rb4 f3 47.
Qd2 c5 48. Rf4 Ra2 49. Qc1 Bb7 50. Rf6 Ba6 51. Rxa6 Qf5 52. Qc3+ 1-0

[Event "XXXIII Festival A"]
[Site "Arco ITA"]
[Date "2011.10.30"]
[Round "9"]
[White "Dalponte, Dino"]
[Black "Del Nevo, Claudio"]
[Result "0-1"]
[WhiteElo "2078"]
[BlackElo "1831"]
[PlyCount "77"]
[EventDate "2011.10.22"]

1. d4 d6 2. c3 Nf6 3. Bg5 Ne4 4. Bf4 g6 5. Nd2 Nxd2 6. Qxd2 Bg7 7. Bh6 O-O 8.
h4 e5 9. h5 Qf6 10. d5 Bxh6 11. Qxh6 Qf4 12. hxg6 Qxh6 13. gxf7+ Kg7 14. Rxh6
Kxh6 15. f3 Rxf7 16. e4 c6 17. Rd1 c5 18. Ne2 Bd7 19. Ng3 a6 20. Be2 Kg6 21.
Kf2 Be8 22. Nf5 Rf6 23. Rh1 h5 24. g4 Kg5 25. gxh5 Rxf5 26. exf5 Kh6 27. f4 Nd7
28. Ke3 exf4+ 29. Kxf4 Nf6 30. Bf3 Bf7 31. b3 Nxd5+ 32. Bxd5 Bxd5 33. Rd1 Bc6
34. Rxd6+ Kxh5 35. Rd2 Kh6 36. Rd6+ Kg7 37. Kg5 Rg8 38. Re6 Kf7+ 39. Kf4 0-1

[Event "XXXIII Festival A"]
[Site "Arco ITA"]
[Date "2011.10.30"]
[Round "9"]
[White "De Polzer, Manfredi"]
[Black "De Simone Sorrentino, Fabio"]
[Result "1-0"]
[WhiteElo "1706"]
[BlackElo "1705"]
[PlyCount "47"]
[EventDate "2011.10.22"]

1. d4 d5 2. c4 e6 3. Nc3 Nf6 4. Nf3 c6 5. cxd5 exd5 6. g3 Be7 7. Bg2 Bf5 8. O-O
O-O 9. Nd2 Bb4 10. Qb3 Qb6 11. e3 a5 12. a3 Bc5 13. dxc5 Qxc5 14. Na4 Qe7 15.
Qc3 Nbd7 16. b4 Ne4 17. Nxe4 Bxe4 18. Bb2 f5 19. Nc5 Nf6 20. f3 f4 21. fxe4
fxg3 22. e5 Ng4 23. h3 Nxe3 24. Qxe3 1-0

[Event "XXXIII Festival A"]
[Site "Arco ITA"]
[Date "2011.10.30"]
[Round "9"]
[White "De Sio, Francesco"]
[Black "Ludwig, Timm"]
[Result "1-0"]
[WhiteElo "1811"]
[BlackElo "1700"]
[PlyCount "61"]
[EventDate "2011.10.22"]

1. e4 c5 2. Nf3 Nc6 3. Bb5 d6 4. O-O Bd7 5. c3 a6 6. Ba4 g6 7. h3 Bg7 8. Qe2
Ne5 9. Bxd7+ Qxd7 10. Rd1 Nf6 11. d4 Nxf3+ 12. Qxf3 cxd4 13. cxd4 Rc8 14. e5
Ng8 15. Bf4 Qc6 16. Qd3 d5 17. Nd2 e6 18. Qa3 Ne7 19. Bg5 Bf8 20. Bf6 Ng8 21.
Qf3 Nxf6 22. Qxf6 Rg8 23. Nb3 Be7 24. Qf4 g5 25. Qf3 Rg6 26. Rac1 Qd7 27. Rxc8+
Qxc8 28. Rc1 Qd7 29. Qc3 Kd8 30. Qa5+ Ke8 31. Rc7 1-0

[Event "XXXIII Festival A"]
[Site "Arco ITA"]
[Date "2011.10.30"]
[Round "9"]
[White "Del Monaco, Andrea"]
[Black "Zucchelli, Massimo"]
[Result "0-1"]
[WhiteElo "2315"]
[BlackElo "2149"]
[PlyCount "73"]
[EventDate "2011.10.22"]

1. e4 e6 2. d4 d5 3. Nd2 Nf6 4. e5 Nfd7 5. c3 c5 6. Bd3 Nc6 7. Ne2 cxd4 8. cxd4
f6 9. exf6 Nxf6 10. O-O Bd6 11. Nf3 Qc7 12. Bg5 O-O 13. Bh4 Nh5 14. Rc1 a6 15.
Qc2 h6 16. Bh7+ Kh8 17. Bg6 Rxf3 18. gxf3 Bxh2+ 19. Kg2 Nf4+ 20. Nxf4 Bxf4 21.
Bg3 Qd6 22. Rfd1 Bd7 23. Qc5 Qf8 24. Bb1 Bxc1 25. Qc2 Qg8 26. Qxc1 Rf8 27. Rh1
Qf7 28. Qe3 Qf6 29. Bd6 Rf7 30. Qd3 Qf5 31. Qe3 Qf6 32. Rd1 Kg8 33. f4 Qh4 34.
f3 e5 35. Rh1 exf4 36. Rxh4 fxe3 37. Bd3 0-1

[Event "XXXIII Festival A"]
[Site "Arco ITA"]
[Date "2011.10.30"]
[Round "9"]
[White "Di Lazzaro, Gabriele"]
[Black "Cavatorta, Ivan"]
[Result "1-0"]
[WhiteElo "1890"]
[BlackElo "1808"]
[PlyCount "63"]
[EventDate "2011.10.22"]

1. e4 e6 2. Qe2 Be7 3. b3 d5 4. Bb2 Bf6 5. e5 Be7 6. Qg4 Bf8 7. Bd3 c5 8. Nc3
Ne7 9. Nge2 Nbc6 10. Qg3 Nb4 11. a3 Nxd3+ 12. Qxd3 a6 13. O-O h5 14. Nd1 Bd7
15. Qf3 Nc6 16. Qg3 h4 17. Qg4 d4 18. f4 Rh6 19. Nf2 Rg6 20. Qf3 d3 21. Qxd3
Nxe5 22. Bxe5 Bb5 23. Qxd8+ Rxd8 24. d3 h3 25. Nxh3 Bc6 26. Rf2 c4 27. d4 f6
28. Bc7 Rd7 29. Bb6 Be7 30. Ng3 cxb3 31. cxb3 Bd5 32. b4 1-0

[Event "XXXIII Festival A"]
[Site "Arco ITA"]
[Date "2011.10.30"]
[Round "9"]
[White "Dittmar, Peter"]
[Black "Kierzek, Matthias"]
[Result "1/2-1/2"]
[WhiteElo "2305"]
[BlackElo "2152"]
[PlyCount "37"]
[EventDate "2011.10.22"]

1. d4 d5 2. c4 e6 3. Nc3 Nf6 4. cxd5 exd5 5. Bg5 c6 6. e3 Be7 7. Qc2 Nbd7 8.
Bd3 Nh5 9. Bxe7 Qxe7 10. Nge2 g6 11. O-O-O Nb6 12. Kb1 Be6 13. Rc1 Ng7 14. Ng3
O-O-O 15. h4 h5 16. Nce2 Kb8 17. Nf4 Rhe8 18. Ka1 Bc8 19. Qb3 1/2-1/2

[Event "XXXIII Festival A"]
[Site "Arco ITA"]
[Date "2011.10.30"]
[Round "9"]
[White "Ebeling, Jens"]
[Black "Sukaylo, Aleksey"]
[Result "1/2-1/2"]
[WhiteElo "2019"]
[BlackElo "1884"]
[PlyCount "62"]
[EventDate "2011.10.22"]

1. e4 e5 2. Bc4 Nf6 3. d3 c6 4. Nf3 d5 5. Bb3 Bd6 6. Nc3 dxe4 7. dxe4 O-O 8.
O-O Bg4 9. h3 Bh5 10. Bg5 h6 11. Bh4 g5 12. Bg3 Qe7 13. h4 Nh7 14. Qd3 Na6 15.
hxg5 Nc5 16. Qd2 Nxb3 17. axb3 Bxf3 18. gxf3 Nxg5 19. Kg2 Kh7 20. Rh1 Rg8 21.
Nd1 Qf6 22. Qe2 Bc5 23. Ne3 Bxe3 24. Qxe3 Ne6 25. Kf1 Rg6 26. c3 Rd8 27. Ke2
Ng5 28. Rxa7 Nxf3 29. Rd1 Rxd1 30. Kxd1 b5 31. Ke2 Ng5 1/2-1/2

[Event "XXXIII Festival A"]
[Site "Arco ITA"]
[Date "2011.10.30"]
[Round "9"]
[White "Falasca, Valerio"]
[Black "Russo, Carmelo"]
[Result "1-0"]
[WhiteElo "1593"]
[BlackElo "1711"]
[PlyCount "75"]
[EventDate "2011.10.22"]

1. Nf3 c5 2. g3 g6 3. Bg2 Bg7 4. O-O Nf6 5. d3 d5 6. Nbd2 Bg4 7. h3 Bxf3 8.
Bxf3 e5 9. e4 dxe4 10. Nxe4 Qd7 11. Nxc5 Qxh3 12. Bg2 Qc8 13. Nxb7 Qc7 14. Nd6+
Qxd6 15. Bxa8 Nc6 16. Bxc6+ Qxc6 17. Qe2 Nd7 18. c3 O-O 19. Qe4 Qd6 20. Be3 Qe6
21. b4 Qh3 22. Bxa7 Nf6 23. Qh4 Qd7 24. Bc5 Re8 25. Rfd1 Ng4 26. Rac1 h5 27. f3
Bh6 28. fxg4 Bxc1 29. Rxc1 hxg4 30. Rd1 Qf5 31. a4 Ra8 32. a5 e4 33. Bd4 Qh5
34. Qxh5 gxh5 35. dxe4 Kh7 36. Rf1 Kg8 37. Rf5 Re8 38. Rxh5 1-0

[Event "XXXIII Festival A"]
[Site "Arco ITA"]
[Date "2011.10.30"]
[Round "9"]
[White "Giuriato, Sergio"]
[Black "Pedrotti, Luciano"]
[Result "1/2-1/2"]
[WhiteElo "1961"]
[BlackElo "1801"]
[PlyCount "120"]
[EventDate "2011.10.22"]

1. d4 Nf6 2. c4 e6 3. Nc3 Bb4 4. e3 b6 5. Bd3 Bb7 6. Nf3 O-O 7. O-O d5 8. a3
Bxc3 9. bxc3 c5 10. cxd5 exd5 11. dxc5 bxc5 12. c4 dxc4 13. Bxc4 Qxd1 14. Rxd1
Nbd7 15. Bb2 Nb6 16. Be2 Nfd7 17. a4 Bc6 18. Bb5 Bxf3 19. gxf3 Nf6 20. Bxf6
gxf6 21. Rd6 Kg7 22. a5 Nc8 23. Rc6 Ne7 24. Rxc5 Rac8 25. Rac1 Rxc5 26. Rxc5
Rc8 27. Rxc8 Nxc8 28. Bd3 Nd6 29. Kg2 Nb7 30. a6 Nc5 31. Bc4 f5 32. Kg3 Kf6 33.
Kf4 h5 34. e4 fxe4 35. fxe4 Nd7 36. Be2 Nc5 37. Ke3 h4 38. f4 Ke7 39. Bc4 f6
40. Kd4 Kd6 41. e5+ fxe5+ 42. fxe5+ Kc6 43. Bd5+ Kb6 44. e6 Nxa6 45. e7 Nc7 46.
Bf7 Kc6 47. e8=Q+ Nxe8 48. Bxe8+ Kd6 49. Ke4 Ke7 50. Ba4 Kf6 51. Kf4 Kg6 52.
Kg4 Kh6 53. Kxh4 a5 54. Kg4 Kg6 55. Kf4 Kf6 56. Bc2 Kg7 57. Kg5 Kh8 58. Kf6 Kg8
59. Bb3+ Kh8 60. Kf7 Kh7 1/2-1/2

[Event "XXXIII Festival A"]
[Site "Arco ITA"]
[Date "2011.10.30"]
[Round "9"]
[White "Helbig, Dieter"]
[Black "Galas, Franco"]
[Result "1-0"]
[WhiteElo "1877"]
[BlackElo "1749"]
[PlyCount "97"]
[EventDate "2011.10.22"]

1. c4 e5 2. Nc3 Nc6 3. e3 d6 4. g3 Nge7 5. Bg2 g6 6. Nge2 Bg7 7. O-O Be6 8. Nd5
Qc8 9. Nec3 a6 10. d3 Bh3 11. Bxh3 Qb8 12. Rb1 O-O 13. b4 b5 14. Bg2 bxc4 15.
Nxe7+ Nxe7 16. Bxa8 Qxa8 17. dxc4 Nf5 18. Qd5 Qc8 19. Bb2 Nh6 20. Qg2 f5 21. f3
Nf7 22. c5 h6 23. cxd6 cxd6 24. Rbc1 Qd7 25. Nd5 g5 26. Rc7 Qe6 27. e4 f4 28.
g4 h5 29. Ne7+ Kh8 30. gxh5 Kh7 31. h3 Bf6 32. Nf5 Bd8 33. Rb7 Rg8 34. a3 Kh8
35. Qd2 Bf6 36. Rc1 g4 37. hxg4 Ng5 38. Kf2 Nh3+ 39. Ke2 Rd8 40. Nh6 Ng5 41.
Rc6 Bg7 42. Nf5 Bf6 43. Qc1 Qb3 44. Qc3 Qg8 45. Rxd6 Nxe4 46. fxe4 Qxg4+ 47.
Qf3 Qg1 48. Rxd8+ Bxd8 49. Bxe5+ 1-0

[Event "XXXIII Festival A"]
[Site "Arco ITA"]
[Date "2011.10.30"]
[Round "9"]
[White "Hilbenz, Guntram"]
[Black "Maddaloni, Giovanni"]
[Result "1-0"]
[WhiteElo "1924"]
[BlackElo "1774"]
[PlyCount "97"]
[EventDate "2011.10.22"]

1. c4 Nf6 2. g3 e5 3. Bg2 Nc6 4. Nc3 Bb4 5. Nd5 O-O 6. Nxb4 Nxb4 7. a3 Na6 8.
b4 c6 9. Bb2 d6 10. d3 Nc7 11. Nf3 Re8 12. O-O h6 13. Qc2 Bd7 14. c5 dxc5 15.
Qxc5 e4 16. dxe4 Nxe4 17. Qd4 Nf6 18. e3 Be6 19. Qc3 Ncd5 20. Qc2 Bg4 21. Ne5
Be6 22. Rfd1 Qb6 23. Nc4 Qa6 24. Bf1 b5 25. Na5 Rac8 26. e4 Nb6 27. Bxf6 gxf6
28. Rac1 Kg7 29. Rd6 Nc4 30. Bxc4 bxc4 31. Qc3 Qb5 32. f4 Qb6+ 33. Kg2 Red8 34.
Rcd1 Qc7 35. Rxd8 Rxd8 36. Rxd8 Qxd8 37. f5 Bc8 38. Nxc4 c5 39. bxc5 Qd1 40.
Qd2 Qa1 41. Nd6 Ba6 42. Qf2 Qxa3 43. Ne8+ Kf8 44. Nxf6 Bb7 45. Qd4 a5 46. Kh3
Ba6 47. Qd8+ Kg7 48. Nh5+ Kh7 49. Qf6 1-0

[Event "XXXIII Festival A"]
[Site "Arco ITA"]
[Date "2011.10.30"]
[Round "9"]
[White "Huemmer, Bernd"]
[Black "Chiarion, Elisa"]
[Result "1/2-1/2"]
[WhiteElo "2218"]
[BlackElo "2012"]
[PlyCount "28"]
[EventDate "2011.10.22"]

1. Nf3 d5 2. d4 c6 3. c3 Bf5 4. Bf4 Nf6 5. Nbd2 h6 6. e3 e6 7. Qb3 Qb6 8. Be2
Nbd7 9. O-O Be7 10. Ne5 Nxe5 11. Bxe5 O-O 12. h3 Ne4 13. Nxe4 Bxe4 14. Rfc1
Rfc8 1/2-1/2

[Event "XXXIII Festival A"]
[Site "Arco ITA"]
[Date "2011.10.30"]
[Round "9"]
[White "Joerges, Frank"]
[Black "Bonanzinga, Corrado"]
[Result "0-1"]
[WhiteElo "1923"]
[BlackElo "2136"]
[PlyCount "70"]
[EventDate "2011.10.22"]

1. d4 Nf6 2. Nf3 e6 3. e3 b6 4. Bd3 Bb7 5. Nbd2 d5 6. Qe2 Nbd7 7. c3 Be7 8. e4
dxe4 9. Nxe4 O-O 10. O-O c5 11. Nxf6+ Bxf6 12. dxc5 Nxc5 13. Bc2 Qe7 14. Be3
Ba6 15. Bxc5 Bxe2 16. Bxe7 Bxe7 17. Rfe1 Ba6 18. Rad1 Rfd8 19. Be4 Rac8 20. Nd4
Bf6 21. f3 g6 22. Nc2 Rc7 23. Rxd8+ Bxd8 24. Rd1 Be7 25. f4 Kf8 26. g3 Bc4 27.
a3 f6 28. Kg2 e5 29. fxe5 fxe5 30. Ne3 Be6 31. Rf1+ Ke8 32. Nd5 Rc4 33. Nxe7
Rxe4 34. Nc6 Bd5 35. Nb4 Rxb4+ 0-1

[Event "XXXIII Festival A"]
[Site "Arco ITA"]
[Date "2011.10.30"]
[Round "9"]
[White "Karl, Hans"]
[Black "Gardi, Giuseppe"]
[Result "1/2-1/2"]
[WhiteElo "2201"]
[BlackElo "2028"]
[PlyCount "28"]
[EventDate "2011.10.22"]

1. d4 g6 2. e4 Bg7 3. c3 d6 4. Bd3 e5 5. Nf3 Nc6 6. Be3 Nf6 7. h3 O-O 8. Nbd2
Re8 9. O-O a6 10. Re1 b5 11. a4 exd4 12. cxd4 Nb4 13. Bb1 bxa4 14. Rxa4 a5
1/2-1/2

[Event "XXXIII Festival A"]
[Site "Arco ITA"]
[Date "2011.10.30"]
[Round "9"]
[White "Kierzek, Mira"]
[Black "Bevilacqua, Maurizio"]
[Result "1/2-1/2"]
[WhiteElo "2023"]
[BlackElo "2147"]
[PlyCount "90"]
[EventDate "2011.10.22"]

1. d4 Nf6 2. c4 e6 3. g3 c5 4. e3 d5 5. Nf3 Nc6 6. Bg2 cxd4 7. Nxd4 Bb4+ 8. Bd2
Be7 9. O-O O-O 10. Qc2 Bd7 11. cxd5 Nxd4 12. exd4 Nxd5 13. Nc3 Rc8 14. Qb3 Bc6
15. Nxd5 Bxd5 16. Bxd5 Qxd5 17. Qxd5 exd5 18. Rac1 Bf6 19. Be3 g6 20. b3 Rfe8
21. Rfd1 Bg7 22. Kg2 f5 23. Rc5 Red8 24. Rdc1 Rxc5 25. Rxc5 Rd7 26. Kf3 Kf7 27.
Ke2 h6 28. Kd3 g5 29. h3 Ke6 30. Bd2 Rf7 31. Rc1 Kd7 32. Rc5 Ke6 33. Rc1 a6 34.
Re1+ Kd7 35. Rc1 Bf8 36. Rg1 Bd6 37. h4 Be7 38. hxg5 hxg5 39. Rh1 f4 40. gxf4
gxf4 41. Rh5 Kc6 42. Rh6+ Kd7 43. Rh5 Kc6 44. Rh6+ Kd7 45. Rh5 Kc6 1/2-1/2

[Event "XXXIII Festival A"]
[Site "Arco ITA"]
[Date "2011.10.30"]
[Round "9"]
[White "Lezzerini, Marco"]
[Black "Ziltener, Werner"]
[Result "0-1"]
[WhiteElo "1797"]
[BlackElo "2081"]
[PlyCount "124"]
[EventDate "2011.10.22"]

1. c4 c6 2. g3 d5 3. Nf3 Nf6 4. Bg2 e6 5. b3 Bd6 6. Bb2 Nbd7 7. O-O O-O 8. d3
Qe7 9. Nbd2 e5 10. cxd5 cxd5 11. Rc1 b6 12. e4 Nc5 13. Ne1 Ba6 14. exd5 Bxd3
15. b4 Bxf1 16. bxc5 Bxg2 17. cxd6 Qxd6 18. Nxg2 Qxd5 19. Nc4 Qxd1+ 20. Rxd1
Rad8 21. Re1 e4 22. Bxf6 gxf6 23. Rxe4 f5 24. Re7 Rd1+ 25. Re1 Rxe1+ 26. Nxe1
Rc8 27. Ne3 Rc1 28. N3c2 b5 29. a3 a5 30. Kf1 Rb1 31. Ke2 b4 32. Nd3 b3 33. Nd4
b2 34. Nxb2 Rxb2+ 35. Kf3 f4 36. gxf4 Kg7 37. Nf5+ Kg6 38. Ne3 Kh5 39. Kg3 Rb3
40. Kh3 Rb1 41. Nf5 Kg6 42. Ne3 Rg1 43. Kh4 Ra1 44. Kg3 Kf6 45. Kg4 Ke6 46. Kg3
Ra2 47. Kf3 Kd6 48. Nf5+ Kc5 49. Ne3 Rb2 50. Nf5 Rb3+ 51. Ne3 Kd4 52. Kg3 Ke4
53. Kg4 Rb8 54. Kg5 f5 55. h4 Rg8+ 56. Kh6 Kxf4 57. Kxh7 Rg1 58. h5 Ke4 59. h6
f4 60. Nc4 Kf3 61. Ne5+ Kxf2 62. Nd3+ Ke3 0-1